| 000 | 01041nam a2200253Ia 4500 | ||
|---|---|---|---|
| 003 | OSt | ||
| 005 | 20220923213019.0 | ||
| 006 | a|||||r|||| 00| 0 | ||
| 007 | ta | ||
| 008 | 220922b |||||||| |||| 00| 0 hin d | ||
| 024 | _a158,322 | ||
| 037 | _cTextual | ||
| 040 |
_aARTS _cARTS _bhin |
||
| 041 |
_2hin _ahin |
||
| 082 | _aO152,1xN1, K7 | ||
| 100 |
_aसुधाशंु _9156280 |
||
| 245 | 0 |
_aहिन्दी के दस प्रबधं काव्य _b हिन्दी के दस प्रबंधकाव्यो के गद्य-पद्यमय संक्षिप्त रूप |
|
| 246 | _aHindī ke das prabadhan kāvya: hindī ke das prabandhakāvyo ke gadya-padyamaya sankṣpunta rūpa | ||
| 260 |
_aनई दिल्ली _b राजधानी गं्रथागार _c1979 |
||
| 300 |
_a359 पृ. _ccm. |
||
| 650 |
_aहिन्दी साहित्य _9156264 |
||
| 942 |
_hO152,1xN1, K7 _cTEXL _2CC |
||
| 999 |
_c313121 _d313121 |
||